banner-ar

اسلوب النظم فى التربية البدنية والرياضية بين النظرية والتطبيق / (Record no. 45007)

MARC details
000 -الفاتح
حقل البيانات ثابتة الطول 00634nam a2200169Ia 4500
008 - عناصر البيانات ثابتة الطول - معلومات عامة
حقل البيانات ثابتة الطول 140319s9999 xx 000 0 ara d
040 ## - مصدر الفهرسة
وكالة الفهرسة الأصلية GCL /
وكالة النسخ GCL
082 04 - رقم تصنيف ديوى العشرى
رقم التصنيف 796.0184
رقم المادة م ا
100 1# - المدخل الرئيسى - إسم شخصى
الإسم الشخصى محمد فتحى الكردانى
245 10 - بيان العنوان
العنوان اسلوب النظم فى التربية البدنية والرياضية بين النظرية والتطبيق /
بيان المسئوليه,etc محمد فتحى الكردانى
300 ## - الوصف المادى
التعداد 38 ص
490 ## - بيان السلسلة
عنوان السلسلة الفكر العربى فى التربية البدنية والرياضية
رقم المجلد/ التعيين التسلسلي 0
650 04 - المدخل الاضافى بالموضوع-مصطلح موضوعى
مصطلح موضوعي تنظيم وادارة
650 04 - المدخل الاضافى بالموضوع-مصطلح موضوعى
مصطلح موضوعي التربية البدنية
942 ## - عناصر المدخل الإضافي( كوها)
مصدر التصنيف او مخطط الترفيف Dewey Decimal Classification
Koha [default] item type كتاب
Holdings
حالة التراجع حالة الفقد حالة تلف ليس للاعارة المكان المؤقت الموقع الحالى تاريخ الاكتساب اجمالي اﻻعارات رقم الطلب الباركود تاريخ اخر مشاهدة تاريخ تفعيل السعر نوع وعاء كوها مصدر التصنيف او خطة الترفيف
        مكتبة القاهرة الكبرى مكتبة القاهرة الكبرى 03/26/2014   796.0184\م ا 109927 03/26/2014 03/26/2014 كتاب  
        مكتبة القاهرة الكبرى مكتبة القاهرة الكبرى 04/06/2019   796.0184\ م ا 165754 04/06/2019 04/06/2019 كتاب ddc

Powered By

EGPV